Maires de grandes villes élus en 2026 #1 - Statistiques

Statistiques générales
  • Ce quiz a été pris 38 fois
    27 depuis la dernière actualisation
  • Le résultat moyen est 7 sur 15
Statistiques - réponses
Hint Réponse % Correct
Paris Emmanuel Grégoire
88%
Marseille Benoit Payan
80%
Nice Eric Ciotti
80%
Lyon Grégory Doucet
68%
Strasbourg Catherine Trautmann
64%
Lille Arnaud Deslandes
56%
Toulouse Jean-Luc Moudenc
56%
Bordeaux Thomas Cazenave
56%
Grenoble Laurence Ruffin
44%
Toulon José Massi
32%
Reims Arnaud Robinet
28%
Nancy Matthieu Klein
16%
Metz François Grosdidier
16%
Cergy Jean-Paul Jeandon
8%
Brest Stéphane Roudaut
8%
Aucun quiz correspondant
Distribution des résultats
% des personnes avec chaque résultat
Percentile par nombre de réponses
Votre historique - résultats
Vous n’avez pas pris ce quiz depuis la dernière actualisation